Základní kritéria třídění hraček

Bibliographic Details
Main Author: Taxová, Jiřina (Author)
Other Authors: Pačesa, Štefan (Translator)
Format: Article
Language:Czech

MARC

LEADER 00000nab a2200000uu 4500
001 vtls011438052
003 SK-MaSNL
005 20260303145644.0
008 230222| xo |||||||||||||||||cze|
015 |a SNBRB 
035 |a (urnnbn)urn:nbn:sk:snk:ar-002nw9 
035 |a (uuid)3d219747-b2ea-487c-81e7-d5ec7b4ab83a 
035 |a urn:nbn:sk:snk-abcd2j 
040 |a SNKBUCL  |b slo  |c SNKBUCL  |e AACR2 
041 0 |a cze 
044 |a xo  |c SK 
100 1 |a Taxová, Jiřina  |4 aut  |9 464642 
245 1 0 |a Základní kritéria třídění hraček  |c Jiřina Taxová, Štefan Pačesa 
700 1 |a Pačesa, Štefan  |4 trl  |9 1120527 
773 0 |t Predškolská výchova : pedagogický časopis pre učiteľky materských škôl  |g Roč. 32, č. 4 (1977-1978), s. 98-103 
958 |a OND 
958 |a EUIPO 
958 |a article16 
999 |c 2004348  |d 2006278